| 000 | 01114nam1a22003491i 4500 | ||
|---|---|---|---|
| 001 | v19\rc\1330492 | ||
| 005 | 20260406165419.0 | ||
| 035 | _a(NLR Aleph) 004560728 | ||
| 090 |
_a2269741 _c2269741 |
||
| 100 | _a20060512d1848 |||y0rusy50 ca | ||
| 101 | 0 | _arus | |
| 102 | _aRU | ||
| 105 | _a z ||||| | ||
| 200 | 1 |
_aКитай в гражданском и нравственном состоянии _eВ 4 ч. _fСоч. монаха Иакинфа |
|
| 210 |
_aСанкт-Петербург _cО.В. Базунов _d1848 |
||
| 215 |
_a4 т. _d22 |
||
| 700 | 0 |
_7ca _8rus _aИакинф _cБичурин, Никита Яковлевич _f1777-1853 _9121398 _3RU\NLR\AUTH\7711656 |
|
| 801 | 0 |
_aRU _bNLR _gpsbo |
|
| 801 | 0 |
_aRU _bRuMoRGB _2psbo |
|
| 801 | 1 |
_aRU _bProSoft-M _2rusmarc |
|
| 852 |
_aNLR _j18.24.5.50 |
||
| 852 |
_aNLR _bМф _jК1/11127 |
||
| 899 |
_aRuMoRGB _jP 5/71 |
||
| 899 |
_aRuMoRGB _jL 10а/174 |
||
| 899 |
_aRuMoRGB _jW 184/79 |
||
| 899 |
_aRuMoRGB _jФ 1/3780 |
||
| 899 | _aБАН | ||
| 899 | _aНБ СПбГУ | ||
| 899 | _aГПИБ | ||
| 899 | _aНБ МГУ | ||
| 942 | _cBOOK | ||